000
00313nam a22001337a 4500
020
_a
9780070378056
040
_c
Nust
082
_a
532
_b
LIG'F
100
_a
James A.Liggett
_9
125913
245
_a
Fluid mechanics
260
_a
New York:
_b
McGraw -Hill,
_c
1994.
650
_a
Fluid mechanics
942
_2
ddc
_c
BK
999
_c
611919
_d
611919